Представление документа в формате MARC21

Поле Инд. ПП Название Значение
Тип записи a
Библиографический уровень b
001 Контрольный номер RU/IS/BASE/458389819
005 Дата корректировки 20200528185454.6
008 Кодируемые данные 20140711
040 b Код языка каталог. rus
e Правила каталог. PSBO
041 0_ a Код языка текста rus
084 a Индекс другой классификации/Индекс ББК 60.524.258(2Рос); 60.542.14(2Рос); 67.518.8(2Рос); 88.573.2(2Рос); 60.524.125(2Рос)
100 1_ a Автор Панченко О. Л.
q Полное имя Панченко Ольга Львовна
245 10 a Заглавие Социальная адаптация несовершеннолетнего правонарушителя: факторы успешности
520 0_ a Аннотация В статье рассматриваются вопросы методического сопровождения реабилитации несовершеннолетних правонарушителей в условиях специализированных учреждений закрытого типа. Эффективная система сопровождения несовершеннолетних в условиях закрытых учреждений выступает залогом их последующей успешной социальной адаптации и отсутствия повторных девиаций. Приводятся рекомендации по оптимизации реабилитационного процесса в учреждениях по отбыванию наказания несовершеннолетними правонарушителями
650 14 a Основная рубрика криминология
a Основная рубрика право
a Основная рубрика психология
a Основная рубрика социальные науки (общественные науки)
a Основная рубрика социология
a Основная рубрика социология групп
a Основная рубрика юридическая психология
653 1_ a Ключевые слова воспитательная работа с осужденными
a Ключевые слова девиантное поведение
a Ключевые слова исправительная психология
a Ключевые слова исправительно-воспитательные учреждения
a Ключевые слова криминальная психология
a Ключевые слова личность преступника
a Ключевые слова несовершеннолетние
a Ключевые слова несовершеннолетние преступники
a Ключевые слова реабилитация
a Ключевые слова Россия
a Ключевые слова социализация
a Ключевые слова социальная адаптация
a Ключевые слова социальная девиантность
a Ключевые слова социально-психологические особенности
a Ключевые слова социологические исследования
a Ключевые слова учреждения закрытого типа
a Ключевые слова ювенальная криминология
773 08 t Заглавие источника Сотис - Социальные технологии, исследования
d Дата издания источника 2012
g Прочая информация № 2. - С. 55 - 68 : табл.
w Контрольный № источника RU/IS/BASE/401471436
901 t Тип документа b